Countries of Africa in 90 seconds - Statistics

General Stats
  • This quiz has been taken 73 times
    64 since last reset
  • The average score is 40 of 54
Answers on the Map
Answers color-coded by a green-red scale on the quiz's map according to % correct below.
 
Answer Stats
Answer % Correct
Algeria
88%
Egypt
88%
Mali
88%
Morocco
88%
Democratic Republic of the Congo
84%
Eritrea
84%
Libya
84%
Niger
84%
Nigeria
84%
Republic of the Congo
84%
South Sudan
84%
Sudan
84%
Tunisia
84%
Central African Republic
80%
Djibouti
80%
Kenya
80%
Somalia
80%
South Africa
80%
Angola
76%
Botswana
76%
Eswatini
76%
Ethiopia
76%
Gambia
76%
Guinea
76%
Lesotho
76%
Mozambique
76%
Senegal
76%
Togo
76%
Benin
72%
Burkina Faso
72%
Cameroon
72%
Chad
72%
Ghana
72%
Madagascar
72%
Mauritania
72%
Mauritius
72%
Sierra Leone
72%
Uganda
72%
Comoros
68%
Gabon
68%
Guinea-Bissau
68%
Liberia
68%
Malawi
68%
Namibia
68%
São Tomé and Príncipe
68%
Burundi
64%
Cape Verde
64%
Côte d'Ivoire
64%
Rwanda
64%
Tanzania
64%
Equatorial Guinea
60%
Seychelles
60%
Zambia
60%
Zimbabwe
60%
No matching quizzes found
Score Distribution
Percent of People with Each Score
Percentile by Number Answered
Your Score History
You have not taken this quiz since the last reset